01667nam a2200361 i 4500003000900000005001700009008004100026017001100067040004600078041000800124082003000132092000700162099003800169100004600207245013800253250003000391264006300421300003000484336002200514337002400536338003300560504006100593546004100654650008700695650006200782651001000844856005700854905000700911942001900918999001700937952017500954952017601129EG-GICUC20260121101537.0251224s1987    ua ||||fr||| 0||| ||ara|d  a873785  a EG-GICUCbarac EG-GICUCd EG-GICUCerda0 aara04221a345.47bز ك .  أ04221  aLaw1 07	345.47 ز ك .  أ 19870 aزكى محمد النجارeمؤلف.10aأسباب إنتهاء الخدمة للعاملين بالحكومة والقطاع العام /cزكى محمد النجار.  aالطبعة الاولى 1aالقاهرة : bدار الفكر العربى،c1987.  a255 صفحة ; c24 سم.  2rda contentatext  2rda mediaaComputer  2rda carrieraOnline Resource  aيحتوي على ارجاعات ببليوجرافية
  aالنص باللغة العربية14aانتهاء الرابطة الوظيفيةxالقانون الاداري2qrmak14aأسباب إنتهاء الخدمة للعاملين1 2qrmak40uhttps://fll.law.cu.edu.eg/fulltext/bks/B07-01881.pdf  a75  2ddccBKe21n0  c52500d52500  00102ddc40718القانون الإداريaCUbLAW1d2025-12-24l0oLaw1 07	345.47 ز ك .  أ 1987 0701881	C1pB07-01881r2025-12-24 16:02:00t1w2025-12-24yBK  00102ddc40708القانون الإداريaCUbLAW1d2025-12-24l0oLaw1 07	345.47 ز ك .  أ 1987  0701882	C2pB07-01882r2025-12-24 16:03:00t2w2025-12-24yBK